LEADER 01095nam a2200265 i 4500 001 000000154374 003 CaOOAMICUS 005 20061017000000.0 008 061017s1942 it u000 u ita u 013 $a131720 040 $aSeMil$bita 100 1 $aBaldini, Antonio,$d<1889-1962>.$0(OLS)http://semarc/name/7013 245 10$aRugantino /$cdi Antonio Baldini ; vedute di Roma scelte e ordinate a cura di Arnaldo Bocelli ; con sedici disegni di Amerigo Bartoli. 260 $aMilano :$bBompiani,$c1942. 300 $aXXXVI, 364 p. ;$c21 cm. 500 $aFondo Ciprandi. 650 4$aRoma - Descrizioni letterarie.$0(OLS)http://semarc/subject/30226 700 1 $aBartoli, Amerigo.$0(OLS)http://semarc/name/32887 700 1 $aBocelli, Arnaldo,$d<1900-1974>.$0(OLS)http://semarc/name/4008 850 $aSeMil 852 $aSeMil$W1$xVenegono$y1$m1B V 99$j106234$B106234$CSeMilBibl$Z2$F115472 $81 941 1 $a1 961 $aOmaggio: Ciprandi dott. Paolo 996 $6245$aRugantino$9(OLS)http://semarc/title/225943 996 $6260$aMilano :$bBompiani$9(OLS)http://semarc/publisher/29706 LEADER 01158nam a2200265 i 4500 001 000000080177 003 CaOOAMICUS 005 20180223000000.0 008 180223s1839 xx u000 u fre u 013 $a52415 040 $aSeMil$bita 100 1 $aGeyer, Erik-Gustav,$d<1783-1847>.$0(OLS)http://semarc/name/91352 245 10$aHistoire de Suède /$cpar Erik-Gustav Geyer ; traduit par J. F. de Lundblad. 260 $aParis :$bParent-Desbarres,$c1839. 300 $a538 p., [1] c. geogr. ripieg. ;$c28 cm. 490 0 $aCollection d'histoires complètes de tous les états européens 650 4$aSvezia - Storia.$0(OLS)http://semarc/subject/5079 700 1 $aLundblad, Johan Fredrik : de.$0(OLS)http://semarc/name/91353 830 0$aCollection d'histoires complètes de tous les états européens.$0(OLS)http://semarc/title/400409 850 $aSeMil 852 $aSeMil$W1$xVenegono$y1$m3R V 10 FA$j45733$B45733$CSeMilBibl$Z2$F47774 $8I 941 1 $a10 961 $aRecupero: Mantegazza 996 $6245$aHistoire de Suède$9(OLS)http://semarc/title/403782 996 $6260$aParis :$bParent-Desbarres$9(OLS)http://semarc/publisher/53947